[Event "BLR-ch 1st Stage Men 2020"]
[Site "Minsk"]
[Date "2020.02.01"]
[Round "5.6"]
[White "Vashchilov, Sergey"]
[Black "Kuleshov, Konstantin"]
[Result "1-0"]
[WhiteElo "2148"]
[BlackElo "2076"]
[Annotator "NA"]
[PlyCount "79"]
[EventDate "2020.02.01"]
[EventType "swiss"]
[EventCountry "BLR"]
[SourceTitle "playchess.com"]
[Source "ChessBase"]
[SourceQuality "1"]
[TimeControl "40/5400+30:1800+30"]

1. e4 {[%emt 0:02:29]} e5 {[%emt 0:00:00]} 2. Nf3 {[%emt 0:00:14]} d6 {[%emt 0:00:00]} 3. d4 {[%emt 0:00:33]} exd4 {[%emt 0:00:00]} 4. Nxd4 {[%emt 0:00:09]} Nf6 {[%emt 0:00:00]} 5. Nc3 {[%emt 0:00:31]} Be7 {[%emt 0:00:06]} 6. f3 {[%emt 0:01:14]} O-O {[%emt 0:00:15]} 7. Be3 {[%emt 0:00:11]} d5 {[%emt 0:07:37]} 8. exd5 {[%emt 0:09:03]} Nxd5 {[%emt 0:00:40]} 9. Nxd5 {[%emt 0:00:10]} Qxd5 {[%emt 0:00:05]} 10. Nb5 {[%emt 0:00:19]} Qc6 {[%emt 0:08:07]} 11. Qd2 {[%emt 0:08:53]} a6 {[%emt 0:03:32]} 12. Na7 {[%emt 0:04:08]} Qe6 {[%emt 0:01:53]} 13. Nxc8 {[%emt 0:00:30]} Bc5 {[%emt 0:00:57]} 14. Kf2 {[%emt 0:00:49]} Bxe3+ {[%emt 0:00:18]} 15. Qxe3 {[%emt 0:00:05]} Qxc8 {[%emt 0:00:11]} 16. Bd3 {[%emt 0:04:38]} Re8 {[%emt 0:00:30]} 17. Qf4 {[%emt 0:00:45]} Qe6 {[%emt 0:07:08]} 18. Rhe1 {[%emt 0:14:53]} Qb6+ {[%emt 0:00:10]} 19. Kf1 {[%emt 0:00:27]} Nc6 {[%emt 0:07:46]} 20. Bc4 {[%emt 0:02:12]} Rf8 {[%emt 0:00:09]} 21. Rad1 {[%emt 0:02:55]} Na5 {[%emt 0:04:10]} 22. Bd3 {[%emt 0:02:39]} g6 {[%emt 0:03:01]} 23. b3 {[%emt 0:04:58]} Rae8 {[%emt 0:00:59]} 24. h4 {[%emt 0:00:58]} c5 {[%emt 0:14:45]} 25. h5 {[%emt 0:01:03]} Qb4 {[%emt 0:01:58]} 26. Be4 {[%emt 0:07:58]} Qc3 {[%emt 0:04:02]} 27. h6 {[%emt 0:03:50]} Re6 {[%emt 0:03:16]} 28. Qc7 {[%emt 0:05:05]} Nc6 {[%emt 0:02:52]} 29. Bxc6 {[%emt 0:04:55]} Rxc6 {[%emt 0:00:18]} 30. Qxb7 {[%emt 0:00:32]} Qf6 {[%emt 0:00:07]} 31. Qe7 {[%emt 0:00:40]} Qxe7 {[%emt 0:01:12]} 32. Rxe7 {[%emt 0:00:04]} c4 {[%emt 0:00:06]} 33. b4 {[%emt 0:00:38]} g5 {[%emt 0:00:57]} 34. Re5 {[%emt 0:00:09]} Rxh6 {[%emt 0:00:27]} 35. Rxg5+ {[%emt 0:00:07]} Kh8 {[%emt 0:00:07]} 36. Kf2 {[%emt 0:00:34]} f5 {[%emt 0:01:14]} 37. Rd4 {[%emt 0:01:57]} Rc6 {[%emt 0:00:39]} 38. Rf4 {[%emt 0:00:50]} c3 {[%emt 0:00:28]} 39. Rgxf5 {[%emt 0:00:37]} Rd8 {[%emt 0:00:42]} 40. Rf8+ {[%emt 0:00:00]} 1-0

[Event "BLR-ch 1st Stage Men 2020"]
[Site "Minsk"]
[Date "2020.02.01"]
[Round "5.7"]
[White "Teterev, Vitaly"]
[Black "Elkin, Leonid"]
[Result "1-0"]
[WhiteElo "2476"]
[BlackElo "2031"]
[Annotator "ChessBase"]
[PlyCount "87"]
[EventDate "2020.02.01"]
[EventType "swiss"]
[EventCountry "BLR"]
[SourceTitle "playchess.com"]
[Source "ChessBase"]
[SourceQuality "1"]
[TimeControl "40/5400+30:1800+30"]

1. Nf3 {[%emt 0:00:00]} Nf6 {[%emt 0:00:00]} 2. d4 {[%emt 0:00:00]} g6 {[%emt 0:00:00]} 3. g3 {[%emt 0:00:00]} Bg7 {[%emt 0:00:00]} 4. Bg2 {[%emt 0:00:00]} O-O {[%emt 0:00:00]} 5. c4 {[%emt 0:00:00]} c5 {[%emt 0:00:12]} 6. O-O {[%emt 0:00:41]} cxd4 {[%emt 0:00:14]} 7. Nxd4 {[%emt 0:00:04]} Nc6 {[%emt 0:00:05]} 8. Nc3 {[%emt 0:00:25]} Ng4 {[%emt 0:00:13]} 9. e3 {[%emt 0:01:16]} d6 {[%emt 0:00:05]} 10. b3 {[%emt 0:03:34]} Nxd4 {[%emt 0:00:08]} 11. exd4 {[%emt 0:00:13]} Nh6 {[%emt 0:00:03]} 12. Bb2 {[%emt 0:04:32]} Nf5 {[%emt 0:00:06]} 13. Ne2 {[%emt 0:03:46]} Rb8 {[%emt 0:01:45]} 14. a4 {[%emt 0:01:40]} Bd7 {[%emt 0:08:05]} 15. Qc2 {[%emt 0:04:38]} Bc6 {[%emt 0:01:49]} 16. d5 {[%emt 0:01:49]} Bd7 {[%emt 0:00:07]} 17. h4 {[%emt 0:01:04]} Qc7 {[%emt 0:03:28]} 18. Bxg7 {[%emt 0:04:47]} Nxg7 {[%emt 0:02:32]} 19. Nf4 {[%emt 0:07:55]} Bf5 {[%emt 0:01:28]} 20. Qb2 {[%emt 0:05:11]} a5 {[%emt 0:09:58]} 21. Rfe1 {[%emt 0:01:12]} b6 {[%emt 0:20:09]} 22. Re3 {[%emt 0:02:58]} Rbe8 {[%emt 0:03:09]} 23. Rae1 {[%emt 0:06:07]} Bg4 {[%emt 0:05:44]} 24. Qd2 {[%emt 0:06:38]} e5 {[%emt 0:14:12]} 25. dxe6 {[%emt 0:01:42]} fxe6 {[%emt 0:00:05]} 26. Rd3 {[%emt 0:07:37]} Rd8 {[%emt 0:02:32]} 27. Rd4 {[%emt 0:06:54]} Bf5 {[%emt 0:01:47]} 28. Qd1 {[%emt 0:06:08]} e5 {[%emt 0:02:56]} 29. Nd5 {[%emt 0:00:24]} Qc5 {[%emt 0:00:06]} 30. Rd2 {[%emt 0:00:34]} Be6 {[%emt 0:03:40]} 31. Nc3 {[%emt 0:05:48]} Nf5 {[%emt 0:04:41]} 32. Bd5 {[%emt 0:00:22]} Bxd5 {[%emt 0:00:46]} 33. Rxd5 {[%emt 0:00:14]} Qb4 {[%emt 0:00:42]} 34. Nb5 {[%emt 0:00:14]} Ne7 {[%emt 0:05:19]} 35. Rd3 {[%emt 0:05:55]} Qc5 {[%emt 0:00:45]} 36. Qd2 {[%emt 0:01:28]} Rf6 {[%emt 0:00:26]} 37. Nc3 {[%emt 0:00:31]} Re6 {[%emt 0:03:24]} 38. Ne4 {[%emt 0:00:57]} Qa3 {[%emt 0:03:44]} 39. Ng5 {[%emt 0:01:29]} Rf6 {[%emt 0:00:06]} 40. Rxe5 {[%emt 0:00:00]} Nc6 {[%emt 0:00:00]} 41. Re1 {[%emt 0:02:13]} Rf5 {[%emt 0:02:57]} 42. Rd5 {[%emt 0:05:30]} Rdf8 {[%emt 0:03:51]} 43. Rxd6 {[%emt 0:07:37]} Ne5 {[%emt 0:03:09]} 44. Rd8 {[%emt 0:06:30]} 1-0

[Event "BLR-ch 1st Stage Men 2020"]
[Site "Minsk"]
[Date "2020.02.01"]
[Round "6.1"]
[White "Zarubitski, Viachaslau"]
[Black "Vashchilov, Sergey"]
[Result "1-0"]
[WhiteElo "2451"]
[BlackElo "2148"]
[Annotator "ChessBase"]
[PlyCount "113"]
[EventDate "2020.02.01"]
[EventType "swiss"]
[EventCountry "BLR"]
[SourceTitle "playchess.com"]
[Source "ChessBase"]
[SourceQuality "1"]
[TimeControl "40/5400+30:1800+30"]

1. e4 {[%emt 0:06:34]} e6 {[%emt 0:01:23]} 2. d4 {[%emt 0:00:13]} d5 {[%emt 0:00:11]} 3. Nd2 {[%emt 0:00:11]} Nc6 {[%emt 0:00:57]} 4. Ngf3 {[%emt 0:00:42]} Nf6 {[%emt 0:00:13]} 5. e5 {[%emt 0:00:42]} Nd7 {[%emt 0:00:12]} 6. Nb3 {[%emt 0:00:54]} a5 {[%emt 0:02:28]} 7. a4 {[%emt 0:00:26]} Be7 {[%emt 0:02:12]} 8. c3 {[%emt 0:00:26]} b6 {[%emt 0:01:15]} 9. Qd2 {[%emt 0:03:03]} Ba6 {[%emt 0:03:31]} 10. Bxa6 {[%emt 0:00:09]} Rxa6 {[%emt 0:00:04]} 11. Qf4 {[%emt 0:00:09]} O-O {[%emt 0:06:53]} 12. Qg4 {[%emt 0:07:05]} Kh8 {[%emt 0:06:04]} 13. h4 {[%emt 0:00:32]} f5 {[%emt 0:05:51]} 14. Qg3 {[%emt 0:00:37]} Qb8 {[%emt 0:02:22]} 15. Ng5 {[%emt 0:06:30]} Bxg5 {[%emt 0:02:59]} 16. hxg5 {[%emt 0:00:59]} g6 {[%emt 0:00:35]} 17. Qd3 {[%emt 0:00:59]} Qb7 {[%emt 0:04:29]} 18. Bd2 {[%emt 0:04:24]} Raa8 {[%emt 0:05:06]} 19. Qb5 {[%emt 0:13:31]} Rf7 {[%emt 0:03:25]} 20. Nc1 {[%emt 0:03:16]} Na7 {[%emt 0:07:23]} 21. Qb3 {[%emt 0:01:17]} c5 {[%emt 0:01:36]} 22. Ne2 {[%emt 0:00:16]} c4 {[%emt 0:01:36]} 23. Qa3 {[%emt 0:00:42]} Nf8 {[%emt 0:09:15]} 24. O-O {[%emt 0:08:06]} Rb8 {[%emt 0:02:21]} 25. Rfb1 {[%emt 0:01:56]} Qc6 {[%emt 0:00:53]} 26. Nf4 {[%emt 0:02:01]} Kg8 {[%emt 0:02:09]} 27. b3 {[%emt 0:02:29]} cxb3 {[%emt 0:01:37]} 28. Rxb3 {[%emt 0:00:16]} Rfb7 {[%emt 0:00:58]} 29. Rab1 {[%emt 0:01:29]} Nc8 {[%emt 0:03:26]} 30. g3 {[%emt 0:11:31]} Kf7 {[%emt 0:02:00]} 31. Ng2 {[%emt 0:01:03]} Qc4 {[%emt 0:03:26]} 32. Ne3 {[%emt 0:02:44]} Qe2 {[%emt 0:02:15]} 33. Qc1 {[%emt 0:02:07]} Rc7 {[%emt 0:02:50]} 34. c4 {[%emt 0:03:41]} dxc4 {[%emt 0:01:30]} 35. Rc3 {[%emt 0:00:29]} Rd7 {[%emt 0:02:17]} 36. Rxc4 {[%emt 0:00:34]} Ne7 {[%emt 0:03:16]} 37. Bxa5 {[%emt 0:00:47]} f4 {[%emt 0:01:07]} 38. gxf4 {[%emt 0:10:36]} Rdb7 {[%emt 0:02:00]} 39. Bb4 {[%emt 0:03:30]} Nd5 {[%emt 0:03:07]} 40. Qd1 {[%emt 0:00:00]} Qxd1+ {[%emt 0:00:00]} 41. Nxd1 {[%emt 0:03:10]} Nxf4 {[%emt 0:03:47]} 42. Nc3 {[%emt 0:03:34]} Nd7 {[%emt 0:05:28]} 43. Bd6 {[%emt 0:07:17]} Ra8 {[%emt 0:00:49]} 44. Kh2 {[%emt 0:03:40]} Rba7 {[%emt 0:02:23]} 45. Kg3 {[%emt 0:00:44]} Nd5 {[%emt 0:00:19]} 46. Rh1 {[%emt 0:01:06]} Nxc3 {[%emt 0:06:27]} 47. Rxc3 {[%emt 0:00:39]} Kg8 {[%emt 0:00:41]} 48. Rhc1 {[%emt 0:07:25]} Rxa4 {[%emt 0:05:46]} 49. Rc7 {[%emt 0:00:16]} R4a7 {[%emt 0:03:15]} 50. Rxa7 {[%emt 0:00:09]} Rxa7 {[%emt 0:00:04]} 51. Rc8+ {[%emt 0:00:03]} Kf7 {[%emt 0:03:04]} 52. Rh8 {[%emt 0:00:04]} b5 {[%emt 0:02:54]} 53. Rxh7+ {[%emt 0:00:09]} Kg8 {[%emt 0:00:06]} 54. Re7 {[%emt 0:00:14]} Rb7 {[%emt 0:00:17]} 55. d5 {[%emt 0:01:10]} exd5 {[%emt 0:03:50]} 56. e6 {[%emt 0:00:05]} Nc5 {[%emt 0:00:55]} 57. Re8+ {[%emt 0:00:35]} 1-0

[Event "BLR-ch 1st Stage Men 2020"]
[Site "Minsk"]
[Date "2020.02.01"]
[Round "6.2"]
[White "Lazavik, Denis"]
[Black "Yezhel, Valiantsin"]
[Result "1/2-1/2"]
[WhiteElo "2411"]
[BlackElo "2187"]
[Annotator "NA"]
[PlyCount "75"]
[EventDate "2020.02.01"]
[EventType "swiss"]
[EventCountry "BLR"]
[SourceTitle "playchess.com"]
[Source "ChessBase"]
[SourceQuality "1"]
[TimeControl "40/5400+30:1800+30"]

1. d4 {[%emt 0:00:00]} f5 {[%emt 0:00:00]} 2. Nf3 {[%emt 0:00:10]} Nf6 {[%emt 0:00:00]} 3. g3 {[%emt 0:00:38]} g6 {[%emt 0:00:11]} 4. Bg2 {[%emt 0:00:17]} Bg7 {[%emt 0:00:04]} 5. O-O {[%emt 0:00:34]} O-O {[%emt 0:00:04]} 6. b3 {[%emt 0:00:29]} d6 {[%emt 0:00:54]} 7. Bb2 {[%emt 0:00:43]} Ng4 {[%emt 0:03:23]} 8. h3 {[%emt 0:05:03]} Nh6 {[%emt 0:00:07]} 9. Nc3 {[%emt 0:00:51]} c6 {[%emt 0:02:50]} 10. e4 {[%emt 0:04:54]} e5 {[%emt 0:05:16]} 11. dxe5 {[%emt 0:09:04]} dxe5 {[%emt 0:00:05]} 12. Qxd8 {[%emt 0:02:36]} Rxd8 {[%emt 0:00:04]} 13. Rfd1 {[%emt 0:07:25]} Re8 {[%emt 0:00:04]} 14. Bf1 {[%emt 0:01:51]} Nf7 {[%emt 0:02:25]} 15. a4 {[%emt 0:09:02]} Be6 {[%emt 0:01:18]} 16. Nd2 {[%emt 0:02:03]} f4 {[%emt 0:03:51]} 17. g4 {[%emt 0:04:31]} Bf8 {[%emt 0:11:20]} 18. Bc4 {[%emt 0:10:41]} Bc5 {[%emt 0:05:52]} 19. Bxe6 {[%emt 0:01:45]} Rxe6 {[%emt 0:00:03]} 20. Nf3 {[%emt 0:00:34]} Re7 {[%emt 0:00:42]} 21. Ne2 {[%emt 0:03:01]} Na6 {[%emt 0:02:38]} 22. Nc1 {[%emt 0:01:41]} Nb4 {[%emt 0:01:24]} 23. Nd3 {[%emt 0:03:40]} Nxd3 {[%emt 0:00:10]} 24. Rxd3 {[%emt 0:00:13]} g5 {[%emt 0:15:02]} 25. Kf1 {[%emt 0:02:44]} Kg7 {[%emt 0:03:06]} 26. Ke2 {[%emt 0:04:12]} h6 {[%emt 0:00:08]} 27. h4 {[%emt 0:07:48]} Kf6 {[%emt 0:01:57]} 28. Rh1 {[%emt 0:00:36]} Rg8 {[%emt 0:03:46]} 29. hxg5+ {[%emt 0:02:13]} hxg5 {[%emt 0:00:04]} 30. Rdd1 {[%emt 0:00:41]} Rg6 {[%emt 0:02:25]} 31. Rh7 {[%emt 0:05:21]} Rg7 {[%emt 0:00:47]} 32. Rh5 {[%emt 0:00:44]} Rg8 {[%emt 0:00:53]} 33. c4 {[%emt 0:04:02]} Bb4 {[%emt 0:00:57]} 34. Rh7 {[%emt 0:00:24]} Rg7 {[%emt 0:00:19]} 35. Rh5 {[%emt 0:00:25]} Rg8 {[%emt 0:00:05]} 36. Rhh1 {[%emt 0:00:50]} Rg6 {[%emt 0:00:24]} 37. Rh7 {[%emt 0:01:47]} Rg7 {[%emt 0:00:08]} 38. Rh5 {[%emt 0:01:15]} 1/2-1/2

[Event "BLR-ch 1st Stage Men 2020"]
[Site "Minsk"]
[Date "2020.02.01"]
[Round "6.3"]
[White "Siniauski, Artsiom"]
[Black "Podolchenko, Evgeniy"]
[Result "0-1"]
[WhiteElo "2265"]
[BlackElo "2394"]
[Annotator "NA"]
[PlyCount "126"]
[EventDate "2020.02.01"]
[EventType "swiss"]
[EventCountry "BLR"]
[SourceTitle "playchess.com"]
[Source "ChessBase"]
[SourceQuality "1"]
[TimeControl "40/5400+30:1800+30"]

1. e4 {[%emt 0:00:00]} c6 {[%emt 0:05:14]} 2. Nc3 {[%emt 0:01:02]} d5 {[%emt 0:00:05]} 3. Nf3 {[%emt 0:00:09]} Bg4 {[%emt 0:00:17]} 4. h3 {[%emt 0:00:15]} Bxf3 {[%emt 0:00:13]} 5. Qxf3 {[%emt 0:00:07]} e6 {[%emt 0:00:06]} 6. a3 {[%emt 0:05:58]} Nf6 {[%emt 0:01:38]} 7. d3 {[%emt 0:00:16]} Nbd7 {[%emt 0:00:36]} 8. g3 {[%emt 0:00:48]} Bc5 {[%emt 0:10:49]} 9. Bg2 {[%emt 0:02:14]} Bd4 {[%emt 0:03:28]} 10. Ne2 {[%emt 0:10:39]} Ne5 {[%emt 0:16:12]} 11. Qf4 {[%emt 0:01:06]} Ng6 {[%emt 0:00:30]} 12. Qd2 {[%emt 0:04:03]} Bb6 {[%emt 0:01:47]} 13. O-O {[%emt 0:01:39]} O-O {[%emt 0:00:22]} 14. Kh2 {[%emt 0:02:27]} dxe4 {[%emt 0:05:13]} 15. dxe4 {[%emt 0:01:58]} Qc7 {[%emt 0:00:15]} 16. Qc3 {[%emt 0:05:31]} Rad8 {[%emt 0:05:12]} 17. f4 {[%emt 0:13:35]} Rfe8 {[%emt 0:11:06]} 18. b4 {[%emt 0:06:54]} e5 {[%emt 0:01:19]} 19. Bb2 {[%emt 0:09:12]} exf4 {[%emt 0:02:21]} 20. gxf4 {[%emt 0:00:52]} Nh5 {[%emt 0:09:31]} 21. e5 {[%emt 0:05:37]} Nh4 {[%emt 0:10:45]} 22. Rad1 {[%emt 0:10:11]} Rxd1 {[%emt 0:01:47]} 23. Rxd1 {[%emt 0:00:05]} Nxg2 {[%emt 0:00:38]} 24. Kxg2 {[%emt 0:00:07]} Qc8 {[%emt 0:00:20]} 25. Qf3 {[%emt 0:04:07]} Qf5 {[%emt 0:00:36]} 26. Rd2 {[%emt 0:00:33]} g6 {[%emt 0:01:09]} 27. c4 {[%emt 0:02:17]} Rd8 {[%emt 0:00:26]} 28. Rxd8+ {[%emt 0:02:10]} Bxd8 {[%emt 0:00:02]} 29. Bd4 {[%emt 0:00:25]} Qc2 {[%emt 0:00:24]} 30. f5 {[%emt 0:03:27]} Qxc4 {[%emt 0:01:47]} 31. f6 {[%emt 0:01:19]} Qxe2+ {[%emt 0:02:13]} 32. Qxe2 {[%emt 0:00:04]} Nf4+ {[%emt 0:00:04]} 33. Kf3 {[%emt 0:00:04]} Nxe2 {[%emt 0:00:14]} 34. Kxe2 {[%emt 0:00:04]} Bb6 {[%emt 0:02:20]} 35. Bc3 {[%emt 0:02:29]} Kf8 {[%emt 0:00:14]} 36. Kf3 {[%emt 0:00:32]} Ke8 {[%emt 0:00:22]} 37. Ke4 {[%emt 0:01:33]} Kd7 {[%emt 0:00:13]} 38. Bb2 {[%emt 0:00:19]} Ke6 {[%emt 0:00:09]} 39. Bc3 {[%emt 0:00:05]} Bc7 {[%emt 0:00:21]} 40. Bb2 {[%emt 0:00:00]} b5 {[%emt 0:00:00]} 41. Bc3 {[%emt 0:00:47]} Bb6 {[%emt 0:00:32]} 42. Bb2 {[%emt 0:00:35]} Bg1 {[%emt 0:00:35]} 43. Bc3 {[%emt 0:00:08]} a6 {[%emt 0:00:05]} 44. Bb2 {[%emt 0:00:05]} Bh2 {[%emt 0:00:10]} 45. Bd4 {[%emt 0:00:10]} g5 {[%emt 0:00:10]} 46. Bc3 {[%emt 0:00:20]} Bf4 {[%emt 0:00:14]} 47. Bb2 {[%emt 0:00:28]} h6 {[%emt 0:00:27]} 48. h4 {[%emt 0:01:34]} Bd2 {[%emt 0:00:13]} 49. h5 {[%emt 0:00:07]} Bf4 {[%emt 0:01:24]} 50. Bd4 {[%emt 0:00:16]} Bc1 {[%emt 0:00:43]} 51. Bc5 {[%emt 0:00:08]} Bb2 {[%emt 0:00:25]} 52. Bd6 {[%emt 0:02:54]} g4 {[%emt 0:00:11]} 53. Bf8 {[%emt 0:00:12]} Bxe5 {[%emt 0:00:05]} 54. Bxh6 {[%emt 0:00:05]} Bxf6 {[%emt 0:00:09]} 55. Kf4 {[%emt 0:01:02]} Bb2 {[%emt 0:00:06]} 56. Kxg4 {[%emt 0:00:47]} f5+ {[%emt 0:00:20]} 57. Kh4 {[%emt 0:00:42]} Bxa3 {[%emt 0:00:15]} 58. Bf8 {[%emt 0:07:01]} Kf7 {[%emt 0:01:14]} 59. Bd6 {[%emt 0:01:17]} a5 {[%emt 0:00:10]} 60. Kg5 {[%emt 0:00:15]} a4 {[%emt 0:01:29]} 61. Be5 {[%emt 0:01:02]} Bc1+ {[%emt 0:00:06]} 62. Kxf5 {[%emt 0:01:19]} a3 {[%emt 0:00:05]} 63. h6 {[%emt 0:00:25]} Bxh6 {[%emt 0:00:19]} 0-1

[Event "BLR-ch 1st Stage Men 2020"]
[Site "Minsk"]
[Date "2020.02.01"]
[Round "6.4"]
[White "Pogosian, Manvel"]
[Black "Tsaruk, Maksim"]
[Result "1/2-1/2"]
[WhiteElo "2383"]
[BlackElo "2316"]
[Annotator "NA"]
[PlyCount "70"]
[EventDate "2020.02.01"]
[EventType "swiss"]
[EventCountry "BLR"]
[SourceTitle "playchess.com"]
[Source "ChessBase"]
[SourceQuality "1"]
[TimeControl "40/5400+30:1800+30"]

1. d4 {[%emt 0:00:00]} d5 {[%emt 0:00:00]} 2. c4 {[%emt 0:01:43]} dxc4 {[%emt 0:00:04]} 3. e3 {[%emt 0:02:19]} Nf6 {[%emt 0:00:16]} 4. Bxc4 {[%emt 0:00:15]} e6 {[%emt 0:00:11]} 5. Nf3 {[%emt 0:00:16]} a6 {[%emt 0:00:23]} 6. O-O {[%emt 0:02:24]} c5 {[%emt 0:00:09]} 7. a4 {[%emt 0:02:49]} Nc6 {[%emt 0:01:19]} 8. Qe2 {[%emt 0:01:10]} cxd4 {[%emt 0:00:40]} 9. Rd1 {[%emt 0:00:27]} Be7 {[%emt 0:00:07]} 10. exd4 {[%emt 0:00:13]} O-O {[%emt 0:00:09]} 11. Nc3 {[%emt 0:00:32]} Nb4 {[%emt 0:04:37]} 12. Bg5 {[%emt 0:05:04]} Bd7 {[%emt 0:04:39]} 13. Bb3 {[%emt 0:06:37]} Bc6 {[%emt 0:04:51]} 14. d5 {[%emt 0:06:25]} Nbxd5 {[%emt 0:24:40]} 15. Nxd5 {[%emt 0:02:01]} Bxd5 {[%emt 0:00:42]} 16. Bxd5 {[%emt 0:02:25]} exd5 {[%emt 0:00:37]} 17. Nd4 {[%emt 0:00:14]} g6 {[%emt 0:04:02]} 18. Qe5 {[%emt 0:33:29]} Re8 {[%emt 0:07:08]} 19. Rac1 {[%emt 0:10:17]} Bd6 {[%emt 0:19:35]} 20. Qxf6 {[%emt 0:00:29]} Be7 {[%emt 0:00:05]} 21. Qf3 {[%emt 0:04:45]} Bxg5 {[%emt 0:00:05]} 22. Rc3 {[%emt 0:02:07]} Qb6 {[%emt 0:07:26]} 23. Nb3 {[%emt 0:03:00]} Rad8 {[%emt 0:12:06]} 24. g3 {[%emt 0:01:48]} Qf6 {[%emt 0:02:55]} 25. h4 {[%emt 0:02:48]} Qxf3 {[%emt 0:00:03]} 26. Rxf3 {[%emt 0:00:02]} Be7 {[%emt 0:01:19]} 27. Rfd3 {[%emt 0:02:53]} Bf6 {[%emt 0:00:23]} 28. Nc5 {[%emt 0:01:18]} b5 {[%emt 0:03:30]} 29. Nxa6 {[%emt 0:02:05]} bxa4 {[%emt 0:00:08]} 30. Nc7 {[%emt 0:00:22]} Re2 {[%emt 0:02:15]} 31. Nxd5 {[%emt 0:00:22]} Kg7 {[%emt 0:00:08]} 32. Nxf6 {[%emt 0:01:27]} Rxd3 {[%emt 0:00:04]} 33. Rxd3 {[%emt 0:00:21]} Kxf6 {[%emt 0:00:04]} 34. Ra3 {[%emt 0:00:09]} Rxb2 {[%emt 0:00:05]} 35. Rxa4 {[%emt 0:00:01]} Ke5 {[%emt 0:02:45]} 1/2-1/2

[Event "BLR-ch 1st Stage Men 2020"]
[Site "Minsk"]
[Date "2020.02.01"]
[Round "6.5"]
[White "Maiorov, Nikita"]
[Black "Lomako, Pavel"]
[Result "1-0"]
[WhiteElo "2519"]
[BlackElo "2288"]
[Annotator "TA"]
[PlyCount "117"]
[EventDate "2020.02.01"]
[EventType "swiss"]
[EventCountry "BLR"]
[SourceTitle "playchess.com"]
[Source "ChessBase"]
[SourceQuality "1"]

{[%evp 23,117,34,55,50,84,87,97,88,75,86,79,55,36,15,17,12,18,2,66,20,10,0,5,0,0,0,0,0,0,0,18,0,0,0,72,0,0,0,0,0,8,11,9,0,13,12,19,25,108,119,152,146,141,176,176,111,182,194,572,664,654,647,640,586,685,551,29966,10062,29974,0,29975,4618,29988,29988,29988,29988,29992,29993,29993,29990,29990,29991,29992,29993,29993,29992,29992,29993,29994,29992,29996,29997,29997,29998,29998,29999]} 1. d4 Nf6 2. c4 e6 3. Nf3 b6 4. e3 Bb7 5. Bd3 Bb4+ 6. Nbd2 O-O 7. O-O d5 8. a3 Be7 9. cxd5 exd5 10. b4 c5 11. bxc5 bxc5 12. dxc5 Bxc5 13. Bb2 {[#] E14: Queen's Indian: Classical Variation (4 e3).} Ba6 $146 ({Predecessor:} 13... Nbd7 14. Nb3 Bd6 15. Nbd4 Re8 16. Nf5 Bf8 17. Bb5 Re6 18. N5d4 Re8 19. Rb1 Rb8 20. Nf5 Re6 {½-½ (63) Khalifman,A (2655)-Hracek,Z (2635) Germany 1995}) 14. Nb3 {[%cal Bd2b3,Bb3d4,Bd4f5][%mdl 32]} Be7 15. Nbd4 {White is better.} Bxd3 16. Qxd3 Nbd7 17. Nf5 Re8 18. Rab1 Bf8 19. Rfc1 Nc5 20. Qd1 Nce4 ({Black should play} 20... Nfe4 $11) 21. Nd2 Qd7 22. Nd4 Rec8 23. h3 Rab8 24. N2f3 Rxc1 25. Qxc1 Bd6 26. Qc2 Qb7 27. a4 a6 28. Nc6 Rc8 (28... Qb3 $11 {keeps the balance.} 29. Qxb3 Rxb3) 29. Bxf6 ({White should try} 29. Nfe5 $16) 29... Qxc6 30. Qxc6 Rxc6 31. Be5 {White wants to play Nd4.} Nd2 $132 {[%mdl 2048] Black has counterplay} 32. Nxd2 Bxe5 $11 {[%mdl 4096] Endgame KRB-KRN} 33. Kf1 g6 34. Nf3 Bf6 35. g4 Rc4 (35... h6 $11) 36. Rb6 $16 {[%mdl 64] [#] Double Attack} Bc3 37. Rxa6 d4 38. exd4 Bxd4 39. a5 ({Better is} 39. Nxd4 $18 Rxd4 40. a5) 39... Rc1+ (39... Bc3 $16 {keeps fighting.} 40. Ra8+ Kg7) 40. Ke2 $18 Rc2+ $2 {[#]} (40... Ba1 {is tougher.} 41. Ra8+ Kg7) 41. Kd3 Rc3+ 42. Kxd4 Rxf3 {KR-KR} 43. Rc6 Rxh3 44. Rc3 Rh2 45. a6 (45. Rc8+ $142 Kg7 46. a6 Rxf2 47. a7 Ra2 48. a8=Q Rxa8 49. Rxa8 f6 50. Ke3) 45... Rxf2 46. Rc8+ Kg7 47. a7 Rg2 48. a8=Q {White mates.} Rxg4+ 49. Ke3 f5 50. Rc7+ Kh6 51. Qh1+ Kg5 52. Rxh7 Rg3+ 53. Kf2 {[%csl Gh7][%cal Rh1h4]} Rg4 54. Qh6+ Kf6 55. Qf8+ Ke5 56. Re7+ Kf4 57. Qh6+ Rg5 58. Qh2+ Kg4 59. Qg3+ {Accuracy: White = 89%, Black = 52%.} 1-0